000 00637nam a2200241 a 4500
001 BRCA_6098
005 20190320205332.0
008 220611s1900----fr-#######---#000-0#fre-#
041 _afre
044 _afr
050 4 _aPQ2211 .C8
_bA19
_c1900
245 1 0 _aTheatre. La danse deVant. Le miroir. La figurante. La fille sauvage.
_cFrancois de Curel
260 _aParĂ­s
_bLarousse
_c[19--?]
300 _a370 p.
_c18 cm.
500 _aI22
650 1 4 _aLiteratura francesa
_915419
740 0 _aLa danse deVant
740 0 _aLe miroir
740 0 _aLa figurante
740 0 _aLa fille sauvage
902 _aGFM
942 _2lcc
_cB
999 _c5785
_d5785